Educación física: complementos de formación disciplinar
Guardat en:
| Autor principal: | |
|---|---|
| Altres autors: | |
| Format: | Llibre |
| Idioma: | espanyol |
| Publicat: |
Barcelona
Graó
2010
|
| Edició: | 1a. ed |
| Col·lecció: | Formación del Profesorado. Educación Secundaria, 4 p.1
|
| Matèries: | |
| Etiquetes: |
Afegir etiqueta
Sense etiquetes, Sigues el primer a etiquetar aquest registre!
|
MARC
| LEADER | 00000cam a2200000 a 4500 | ||
|---|---|---|---|
| 001 | UCD6630 | ||
| 003 | CL-VaPUC | ||
| 008 | 170108e20100000sp |||||||||||||||||spa|d | ||
| 020 | |a 9788478279753 | ||
| 082 | 0 | 4 | |a 796.077 |b GON |2 21 |
| 100 | |a González Arévalo, Carlos |e author |9 590474 | ||
| 700 | |a Lleixà Arribas, Teresa |e autora |9 590475 | ||
| 245 | 1 | 0 | |a Educación física: complementos de formación disciplinar |
| 250 | |a 1a. ed | ||
| 300 | |a 135 p | ||
| 942 | |c BK | ||
| 945 | |d 20170108 00:10:00 |a dcastane | ||
| 260 | |a Barcelona |b Graó |c 2010 | ||
| 650 | 0 | |a Educación física |9 240893 | |
| 650 | 0 | |a Métodos de enseñanza |9 270413 | |
| 650 | 0 | |a Innovaciones pedagógicas |9 307471 | |
| 650 | 0 | |a Planificación del currículo |9 269599 | |
| 583 | |a last modification |c 20170108 00:10:00 |k Rodrigo Vera | ||
| 490 | 0 | |a Formación del Profesorado. Educación Secundaria, 4 p.1 | |
| 999 | |c 366884 |d 366882 | ||
| 952 | |0 0 |1 0 |3 erb |4 0 |6 796_077000000000000_GON_2010 |7 0 |8 A |9 481499 |a BIBEDU |b BIBEDU |i 5358493 |o 796.077 GON 2010 |p 5358493 |r 2019-11-24 |w 2019-11-24 |y BK |z Catalogado en:20170108 |k EFI | ||
| 952 | |0 0 |1 0 |3 erb |4 0 |6 796_077000000000000_GON_2010 |7 0 |8 A |9 481500 |a BIBEDU |b BIBEDU |i 5358485 |o 796.077 GON 2010 |p 5358485 |r 2019-11-24 |w 2019-11-24 |y BK |z Catalogado en:20170108 |k EFI | ||
| 952 | |0 0 |1 0 |3 erb |4 0 |6 796_077000000000000_GON_2010 |7 0 |8 A |9 481501 |a BIBEDU |b BIBEDU |i 5358477 |o 796.077 GON 2010 |p 5358477 |r 2019-11-24 |w 2019-11-24 |y BK |z Catalogado en:20170108 |k EFI | ||